00719nam a2200193Ia 4500008004100000020000700041082001500048100002800063245011000091250000700201260004600208300002800254500001900282600002100301650005000322942000700372952013100379999001500510240925s9999 xx 000 0 und d aNA a005.44 MIC aMicrosoft Corporation - 0aMicrosoft Windows 3.1: getting started with microsoft windows for the microsoft windows operating systems aNA aSingapore:bMicrosoft Corporationc,1992. axvi,650p.bNAfOriginal aIncludes Index aComputer Science aComputer science, information & general works cBK 011440708CSaUITUbUITUd1996-10-22eModern Book Seller g100.00l0o005.44 MICpQ0816r2024-09-25 07:12:13w2024-09-25yBK c3315d3315